An Introduction to Mathematical Cryptography

Gespeichert in:
Bibliographische Detailangaben
Hauptverfasser: Hoffstein, Jeffrey (Verfasst von), Pipher, Jill (Verfasst von), Silverman, Joseph H. (Verfasst von)
Format: Buch
Sprache:Englisch
Veröffentlicht: New York : Springer Science+Business Media, LLC, 2008
Schlagworte:
Tags: Tag hinzufügen
Keine Tags, Fügen Sie das erste Tag hinzu!

MARC

LEADER 00000nam a22000003a 4500
001 stu207687
005 20190206105137.5
008 100716s2007----xxu-----------------eng-d
020 |a 978-0-387-77993-5 
040 |a STU  |b slo 
041 0 |a eng 
044 |a xxu 
080 |a 004.623 
080 |a 004.056.3 
080 |a 519.72 
084 |a B6120D  |2 INS 
084 |a C1140  |2 INS 
084 |a C1260C  |2 INS 
084 |a C6130S  |2 INS 
100 1 |a Hoffstein, Jeffrey  |4 aut 
245 1 |a An Introduction to Mathematical Cryptography 
260 |a New York :  |b Springer Science+Business Media, LLC,  |c 2008 
300 |a 523 s 
650 7 |a kryptografia  |2 stusub 
650 7 |a náhodné procesy  |2 stusub 
650 7 |a pravdepodobnostné overovacie systémy  |2 stusub 
700 1 |a Pipher, Jill  |4 aut 
700 1 |a Silverman, Joseph H.  |4 aut 
996 |b 284EK88350  |c E*88350  |l EE22  |s P  |a 0  |w stu207687_0001